| 000 | 00739nam a22002177a 4500 | ||
|---|---|---|---|
| 003 | OSt | ||
| 005 | 20250709060043.0 | ||
| 008 | 250709b |||||||| |||| 00| 0 eng d | ||
| 020 | _a971-822-018-6 | ||
| 040 |
_aDWC-Main Lib _cOC |
||
| 082 | _aCirc. 259.23 M478j 1996 | ||
| 100 | _aMcDowell, Josh | ||
| 245 |
_aJosh McDowell's handbook on counseling youth: _ba comprehensive guide for equipping youth workers, pastors, teachers, and parents/ _cJosh McDowell & Bob Hostetler |
||
| 260 |
_aDallas: _bWord Publishing, _cc1996. |
||
| 300 |
_ax, 542 pages; _c23cm. |
||
| 504 | _aIncludes notes. | ||
| 650 | _a1. Youth-Pastoral counseling | ||
| 650 | _a2. Youth-religious life. | ||
| 700 | _aHostetler, Bob | ||
| 942 |
_2ddc _cBK-CIRC _kCirc. _n0 |
||
| 999 |
_c3533 _d3533 |
||